[Event "ch-ISR w 2016"]
[Site "Tiberias ISR"]
[Date "2016.12.11"]
[Round "7.1"]
[White "Lahav, Michal"]
[Black "Gutmakher, Olga"]
[Result "1-0"]
[WhiteTitle "WFM"]
[BlackTitle "WIM"]
[WhiteElo "2178"]
[BlackElo "2247"]
[WhiteFideId "2813742"]
[BlackFideId "2807602"]
[EventDate "2016.12.05"]

1. e4 c5 2. Nf3 d6 3. d4 cxd4 4. Nxd4 Nf6 5. Nc3 g6 6. Be3 a6 7. Bc4 Ng4 8. Bc1
Bg7 9. h3 Nf6 10. Be3 Nc6 11. Qd2 Ne5 12. Bb3 b5 13. O-O-O Bb7 14. Rhe1 Rc8 15.
Bh6 Bxh6 16. Qxh6 Rxc3 17. bxc3 Qa5 18. Re3 Nxe4 19. Rde1 Qa3+ 20. Kd1 Nxf2+ 21.
Ke2 Ne4 22. Kf1 Nf6 23. Nf3 Bxf3 24. gxf3 g5 25. h4 Qc5 26. hxg5 Nd5 27. Rxe5
dxe5 28. Qg7 Ne3+ 29. Rxe3 Qxe3 30. Qxh8+ Kd7 31. Qa8 Qxg5 32. Qd5+ Kc7 33. Qc5+
Kd7 34. Qa7+ Kd8 35. Qb6+ Kd7 36. Qb7+ Kd8 37. Qa8+ Kd7 38. Qb7+ Kd8 39. Qd5+
Kc7 40. Qxf7 h5 41. Qe6 h4 42. Qxa6 h3 43. Qa7+ Kc6 44. Qa8+ Kc7 45. Qa7+ Kc6
46. Qa8+ Kc7 47. f4 Qxf4+ 48. Kg1 Qg3+ 49. Kh1 Qf4 50. Qa7+ Kc6 51. Qa8+ Kc7 52.
Qd5 e4 53. Qc5+ Kd8 54. Qb6+ Ke8 55. Qxb5+ Kf8 56. Qe2 Qf5 57. Kh2 Qe5+ 58. Kxh3
Qxc3+ 59. Kg4 e3 60. Kf3 Qf6+ 61. Kxe3 Qe5+ 62. Kd2 Qd4+ 63. Qd3 Qf4+ 64. Qe3
Qf6 65. a4 Ke8 66. Kd1 Qa1+ 67. Kd2 Qf6 68. Qc5 Qh6+ 69. Kc3 Qf6+ 70. Qd4 Qf1
71. Kb2 Qe1 72. Qc3 1-0

[Event "ch-ISR w 2016"]
[Site "Tiberias ISR"]
[Date "2016.12.11"]
[Round "7.2"]
[White "Altshul, Limor"]
[Black "Brusilovski, Lena"]
[Result "1-0"]
[WhiteElo "2022"]
[BlackElo "1851"]
[WhiteFideId "2812550"]
[BlackFideId "2803216"]
[EventDate "2016.12.05"]

1. d4 d5 2. c4 c6 3. e3 Nf6 4. Bd3 dxc4 5. Bxc4 Bf5 6. Qb3 Qc8 7. Bxf7+ Kd8 8.
Bc4 b5 9. Be2 Nbd7 10. Nf3 h6 11. O-O Qc7 12. Nc3 a6 13. Rd1 e5 14. dxe5 1-0

[Event "ch-ISR w 2016"]
[Site "Tiberias ISR"]
[Date "2016.12.11"]
[Round "7.3"]
[White "Nesterovskaya, Anzhelika"]
[Black "Len, Irina"]
[Result "0-1"]
[WhiteTitle "WFM"]
[BlackTitle "WFM"]
[WhiteElo "2173"]
[BlackElo "2140"]
[WhiteFideId "14114895"]
[BlackFideId "2805715"]
[EventDate "2016.12.05"]

1. e4 d5 2. exd5 Qxd5 3. Nc3 Qd6 4. d4 Nf6 5. Nf3 Bg4 6. h3 Bh5 7. g4 Bg6 8. Ne5
Nc6 9. Nxc6 bxc6 10. Bg2 e6 11. h4 h6 12. Qe2 Be7 13. h5 Bh7 14. g5 hxg5 15. h6
gxh6 16. Rxh6 Ng8 17. Rh1 Kf8 18. Qc4 Rb8 19. a3 Bf6 20. Ne2 Ne7 21. b4 Nd5 22.
Qb3 a5 23. c4 Ne7 24. Bb2 Bg6 25. O-O-O axb4 26. Bc3 Rxh1 27. Rxh1 Kg8 28. Bxb4
c5 29. dxc5 Qe5 30. Qc3 Qxe2 0-1

[Event "ch-ISR w 2016"]
[Site "Tiberias ISR"]
[Date "2016.12.11"]
[Round "7.4"]
[White "Federovski, Adi"]
[Black "Vardi, Shlomit"]
[Result "1/2-1/2"]
[WhiteElo "1947"]
[BlackElo "1926"]
[WhiteFideId "2813777"]
[BlackFideId "2801442"]
[EventDate "2016.12.05"]

1. e4 e5 2. Nf3 Nc6 3. Bb5 a6 4. Ba4 Nf6 5. O-O b5 6. Bb3 Be7 7. Re1 O-O 8. h3
Re8 9. Ng5 Rf8 10. Nf3 Re8 11. Ng5 Rf8 12. Nf3 1/2-1/2

[Event "ch-ISR w 2016"]
[Site "Tiberias ISR"]
[Date "2016.12.11"]
[Round "7.5"]
[White "Haitovich, Avital"]
[Black "Reprun, Nadejda"]
[Result "1-0"]
[WhiteElo "1979"]
[BlackElo "1959"]
[WhiteFideId "2800306"]
[BlackFideId "2806843"]
[EventDate "2016.12.05"]

1. e4 c6 2. Nc3 d5 3. Qf3 Nf6 4. e5 Nfd7 5. d4 e6 6. Nh3 Be7 7. Nf4 Qb6 8. Nh5
O-O 9. Qg4 g6 10. Bd3 f5 11. exf6 Nxf6 12. Nxf6+ Bxf6 13. Bh6 Bg7 14. Bxg7 Kxg7
15. O-O-O e5 16. Qg5 Qxd4 17. Ne2 Qc5 18. Qxe5+ Kg8 19. Nd4 Nd7 20. Qe6+ Kg7 21.
Qe3 Kh8 22. Bxg6 Nf6 23. Qh6 Qe7 24. Rhe1 Qg7 25. Qxg7+ Kxg7 26. Bf5 Bxf5 27.
Nxf5+ Kh8 28. f3 Rae8 29. Nd6 Rb8 30. Re7 Nh5 31. Rde1 Nf4 32. Rc7 Nxg2 33. Ree7 1-0

[Event "ch-ISR w 2016"]
[Site "Tiberias ISR"]
[Date "2016.12.11"]
[Round "7.8"]
[White "Levi, Shoval"]
[Black "Dotan, Valeria"]
[Result "1/2-1/2"]
[BlackTitle "WFM"]
[WhiteElo "1688"]
[BlackElo "1928"]
[WhiteFideId "2816288"]
[BlackFideId "2803607"]
[EventDate "2016.12.05"]

1. d4 Nf6 2. c4 e6 3. Nc3 d5 4. cxd5 exd5 5. Bg5 Be7 6. e3 h6 7. Bh4 c6 8. Bd3
a5 9. Nge2 Na6 10. a3 Nc7 11. O-O O-O 12. Qc2 Nce8 13. Rad1 Nd6 14. f3 Nc4 15.
Bf2 b5 16. e4 b4 17. Na4 bxa3 18. Bxc4 dxc4 19. Qxc4 Ba6 20. Qc2 axb2 21. Nxb2
Bb5 22. Nd3 Qd7 23. Ne5 Qb7 24. Rb1 Qa6 25. Rb2 Rfd8 26. Qb3 Rf8 27. Ng6 Rfe8
28. Nxe7+ Rxe7 29. Re1 Rb7 30. Bg3 Nd7 1/2-1/2

[Event "ch-ISR w 2016"]
[Site "Tiberias ISR"]
[Date "2016.12.11"]
[Round "7.9"]
[White "Katkov, Michelle"]
[Black "Bejashvili, Irma"]
[Result "1/2-1/2"]
[WhiteElo "1652"]
[BlackElo "1656"]
[WhiteFideId "2816393"]
[BlackFideId "2810662"]
[EventDate "2016.12.05"]

1. e4 c5 2. c3 e6 3. d4 d5 4. exd5 exd5 5. Nf3 Nc6 6. Bd3 Bd6 7. O-O Nge7 8. Be3
c4 9. Bc2 Bg4 10. Nbd2 Qc7 11. h3 Bh2+ 12. Kh1 h5 13. Qe1 Bd6 14. b3 cxb3 15.
axb3 O-O-O 16. Ne5 Be6 17. b4 f6 18. Nxc6 Nxc6 19. b5 Na5 20. Nb3 Nxb3 21. Bxb3
Qd7 22. Rxa7 Bb8 23. Ra8 Bxh3 24. Bf4 Qxb5 25. Ba4 Bxg2+ 26. Kxg2 Qxa4 27. Rxb8+
Kd7 28. Rxb7+ Kc6 29. Rc7+ Kb5 30. Qb1+ Ka6 31. Qb7+ Ka5 32. Rc5+ 1/2-1/2

[Event "ch-ISR w 2016"]
[Site "Tiberias ISR"]
[Date "2016.12.12"]
[Round "8.1"]
[White "Len, Irina"]
[Black "Lahav, Michal"]
[Result "0-1"]
[WhiteTitle "WFM"]
[BlackTitle "WFM"]
[WhiteElo "2140"]
[BlackElo "2178"]
[WhiteFideId "2805715"]
[BlackFideId "2813742"]
[EventDate "2016.12.05"]

1. d4 Nf6 2. Nf3 e6 3. e3 b6 4. Bd3 Bb7 5. Nbd2 c5 6. O-O Be7 7. Qe2 O-O 8. c4
cxd4 9. exd4 d5 10. b3 Nc6 11. Bb2 Rc8 12. Rad1 Re8 13. Rfe1 Bb4 14. Bb1 Ba6 15.
a3 Bf8 16. Qd3 g6 17. Ne5 dxc4 18. Qf3 Bb7 19. Ne4 Bg7 20. bxc4 Qe7 21. Nxc6
Bxc6 22. d5 Nxe4 23. Bxg7 exd5 24. Bxe4 dxe4 25. Qc3 f5 26. Bf6 Qf7 27. Rd6 Ba4
28. Qd2 Rxc4 29. h4 Rc2 30. Qf4 Re6 31. Rd8+ Re8 32. Rxe8+ Bxe8 33. Ba1 Qe7 34.
Qg5 Qd6 35. Qh6 Qf8 36. Qf4 Qc5 37. Rf1 Bb5 38. Qb8+ Kf7 39. Qh8 Bxf1 40. Qxh7+
Ke6 41. Qxg6+ Kd7 42. Qg7+ Kc6 43. Bd4 Qd6 44. Be5 Qd1 45. Qf6+ Kb5 46. Qxf5 Ka6
47. Qh3 Qd2 48. Qg3 e3 49. fxe3 Qxg2+ 0-1

[Event "ch-ISR w 2016"]
[Site "Tiberias ISR"]
[Date "2016.12.12"]
[Round "8.2"]
[White "Gutmakher, Olga"]
[Black "Altshul, Limor"]
[Result "0-1"]
[WhiteTitle "WIM"]
[WhiteElo "2247"]
[BlackElo "2022"]
[WhiteFideId "2807602"]
[BlackFideId "2812550"]
[EventDate "2016.12.05"]

1. e4 c5 2. Nf3 d6 3. c3 Nf6 4. Be2 Nbd7 5. Qc2 Qc7 6. O-O g6 7. d4 cxd4 8. Nxd4
a6 9. f4 Bg7 10. Be3 O-O 11. Nd2 e5 12. fxe5 Nxe5 13. Bg5 Nfd7 14. Rad1 Re8 15.
Kh1 b6 16. b4 Bb7 17. Qb3 h6 18. Bh4 Rac8 19. Rc1 Kh7 20. a4 Nf8 21. Qb1 Ne6 22.
N2b3 Nc4 23. Bd3 d5 24. Bxc4 dxc4 25. Nd2 Be5 26. N2f3 Bf4 27. Rce1 Nxd4 28.
cxd4 c3 29. Qc2 Qc4 30. Bg3 Bxg3 31. hxg3 Bxe4 32. Qf2 Bxf3 33. Qxf3 Rxe1 34.
Rxe1 c2 35. Rc1 Rc7 36. d5 Qxb4 37. Kh2 Qxa4 38. Qe3 Qb4 39. Qe5 Qc5 40. Qf6
Qxd5 41. g4 Qc6 42. Qe5 Rd7 43. Qe2 Qd6+ 44. g3 Qd2 45. Qxd2 Rxd2+ 46. Kh3 b5 0-1

[Event "ch-ISR w 2016"]
[Site "Tiberias ISR"]
[Date "2016.12.12"]
[Round "8.4"]
[White "Ovechkin, Lilia"]
[Black "Federovski, Adi"]
[Result "0-1"]
[WhiteElo "1857"]
[BlackElo "1947"]
[WhiteFideId "2816199"]
[BlackFideId "2813777"]
[EventDate "2016.12.05"]

1. d4 Nf6 2. Nf3 g6 3. Bf4 d6 4. h3 Bg7 5. e3 O-O 6. Be2 c5 7. c3 Nc6 8. Nbd2 b6
9. O-O Bb7 10. Re1 Nd5 11. Bh2 cxd4 12. exd4 Bh6 13. Bc4 Nf4 14. b4 d5 15. Bf1
Rc8 16. g3 Ne6 17. Kg2 Nb8 18. Qb3 Nd7 19. a4 Nf6 20. Ra3 Ne4 21. Nxe4 dxe4 22.
Ne5 Bd2 23. Rd1 Bxc3 24. Bc4 Rxc4 25. Qxc4 Bb2 26. Re3 Bd5 27. Qe2 Bxd4 28. Rxe4
Bxe5 29. f3 Bf6 30. Re3 Nd4 31. Qd3 Bb7 32. g4 Qc8 33. g5 Bg7 34. Kf2 Qxh3 35.
Bg3 Nf5 36. Be5 Bxe5 0-1

[Event "ch-ISR w 2016"]
[Site "Tiberias ISR"]
[Date "2016.12.12"]
[Round "8.6"]
[White "Brusilovski, Lena"]
[Black "Levitan, Ronit"]
[Result "1-0"]
[BlackTitle "WCM"]
[WhiteElo "1851"]
[BlackElo "1712"]
[WhiteFideId "2803216"]
[BlackFideId "2815109"]
[EventDate "2016.12.05"]

1. e4 e5 2. Nf3 Nc6 3. Bc4 Bc5 4. c3 Nf6 5. O-O Bb6 6. d4 Nxe4 7. dxe5 O-O 8.
Bd3 d5 9. exd6 Nxd6 10. Qc2 h6 11. Nbd2 Ne7 12. c4 c5 13. b4 Ndf5 14. bxc5 Bxc5
15. Nb3 Qc7 16. Bb2 Be6 17. Rfe1 Bd7 18. Qc3 f6 19. Nxc5 Qxc5 20. Ba3 Qc7 21.
Bxe7 Rfe8 22. Ba3 Rac8 23. Rxe8+ Rxe8 24. Re1 Rd8 25. h3 a6 26. Bb4 Qc8 27. Be4
Bc6 28. Bxf5 Qxf5 29. Nd4 Qd7 30. Nxc6 Qxc6 31. c5 Kh8 32. Re7 Rd5 33. Qe3 Rd8
34. Ba5 Rc8 35. Bb6 Qb5 36. Qb3 Qc6 37. Qf7 Rg8 38. Rxb7 Qe4 39. Re7 Qc6 40. Re6
Qb5 41. Qg6 1-0

[Event "ch-ISR w 2016"]
[Site "Tiberias ISR"]
[Date "2016.12.12"]
[Round "8.8"]
[White "Reprun, Nadejda"]
[Black "Bejashvili, Irma"]
[Result "1-0"]
[WhiteElo "1959"]
[BlackElo "1656"]
[WhiteFideId "2806843"]
[BlackFideId "2810662"]
[EventDate "2016.12.05"]

1. e4 c5 2. Nf3 Nc6 3. d4 cxd4 4. Nxd4 Qb6 5. Nb3 Nf6 6. Nc3 e6 7. Qe2 Bb4 8.
Bd2 a6 9. a3 Be7 10. g3 d6 11. Bg2 Bd7 12. O-O O-O 13. Be3 Qc7 14. Na4 b5 15.
Nb6 Rab8 16. Nxd7 Nxd7 17. f4 Nb6 18. c3 d5 19. Nd4 Nxd4 20. cxd4 Qc4 21. Qf2
Rbc8 22. e5 1-0

[Event "ch-ISR w 2016"]
[Site "Tiberias ISR"]
[Date "2016.12.12"]
[Round "8.9"]
[White "Zach, Asif"]
[Black "Levi, Shoval"]
[Result "1-0"]
[WhiteElo "1632"]
[BlackElo "1688"]
[WhiteFideId "2818604"]
[BlackFideId "2816288"]
[EventDate "2016.12.05"]

1. e4 c5 2. Nf3 g6 3. d4 cxd4 4. Nxd4 Bg7 5. Nc3 Nc6 6. Be3 Nf6 7. Bc4 O-O 8.
Bb3 Qa5 9. f3 Rd8 10. Qd2 e6 11. O-O-O d5 12. exd5 exd5 13. g4 Ne7 14. h4 Nxg4
15. fxg4 Bxg4 16. Rdg1 h5 17. Rxg4 hxg4 18. h5 Qc7 19. hxg6 Nxg6 20. Nce2 Qe5
21. Bh6 Bh8 22. c3 Qe4 23. Rh5 Qg2 24. Qg5 Qf1+ 25. Kd2 Re8 26. Qxg4 Qb1 27. Bc2
Qxb2 28. Rg5 Kh7 29. Rxg6 Rxe2+ 30. Nxe2 Rd8 31. Rg7+ Kxh6 32. Qg5# 1-0

[Event "ch-ISR w 2016"]
[Site "Tiberias ISR"]
[Date "2016.12.13"]
[Round "9.1"]
[White "Lahav, Michal"]
[Black "Brusilovski, Lena"]
[Result "1-0"]
[WhiteElo "2178"]
[BlackElo "1851"]
[EventDate "2016.12.05"]

1. e4 c5 2. Nf3 d6 3. d4 cxd4 4. Nxd4 Nf6 5. Nc3 g6 6. Be3 Bg7 7. f3 O-O 8.
Qd2 Nc6 9. g4 h5 10. gxh5 Nxh5 11. Bc4 Ne5 12. Bb3 b5 13. Bd5 Rb8 14. f4
Ng4 15. Nc6 Qc7 16. Nxb8 Nxe3 17. Qxe3 Qxb8 18. Rg1 e6 19. Bb3 b4 20. Ne2
Bxb2 21. Rb1 Bg7 22. f5 d5 23. fxg6 f5 24. Qh3 Nf6 25. exd5 Qe5 26. dxe6
Bxe6 27. Qg3 Qe4 28. Qf4 Bxb3 29. Qxe4 Nxe4 30. Rxb3 Re8 31. Rf3 Nc3 32.
Rg2 Nxa2 33. Rxf5 a5 34. Rxa5 b3 35. Kf1 b2 36. Rb5 Ra8 37. Rf2 Nc1 38. Kg2
Be5 39. c3 Nxe2 40. Rxe2 Bxc3 41. Re7 Bf6 42. Rf7 Be5 43. h4 Ra1 44. Rxe5
Rg1+ 45. Kh3 Rh1+ 46. Kg4 Rg1+ 47. Kh5 Rxg6 48. Rb7 1-0

[Event "ch-ISR w 2016"]
[Site "Tiberias ISR"]
[Date "2016.12.13"]
[Round "9.4"]
[White "Reprun, Nadejda"]
[Black "Vardi, Shlomit"]
[Result "1/2-1/2"]
[WhiteElo "1959"]
[BlackElo "1926"]
[EventDate "2016.12.05"]

1. e4 g6 2. d4 Bg7 3. c3 d6 4. Bd3 b6 5. Nf3 Bb7 6. O-O Nd7 7. Re1 e5 8.
Bg5 Bf6 9. Bxf6 Ngxf6 10. Nbd2 O-O 11. dxe5 dxe5 12. Bc4 Qe7 13. Qc2 a6 14.
a4 Nh5 15. Qd3 Kg7 16. Qe3 h6 17. g3 Rad8 18. Qe2 Nb8 19. Rad1 Qf6 20. b4
Bc8 21. Qe3 Qe7 22. Bf1 Nf6 23. Nc4 Nbd7 24. Qc1 Bb7 25. Qc2 Qe6 26. Ncd2
Qe7 27. Nc4 Qe6 28. Ncd2 Qe7 29. Nc4 1/2-1/2

[Event "ch-ISR w 2016"]
[Site "Tiberias ISR"]
[Date "2016.12.13"]
[Round "9.5"]
[White "Haitovich, Avital"]
[Black "Dotan, Valeria"]
[Result "1-0"]
[WhiteElo "1979"]
[BlackElo "1928"]
[EventDate "2016.12.05"]

1. e4 c5 2. Nf3 e6 3. c3 d5 4. exd5 Qxd5 5. d4 Nc6 6. Na3 a6 7. Nc2 cxd4 8.
Ncxd4 Nxd4 9. Qxd4 Nf6 10. Bc4 Qxd4 11. Nxd4 Be7 12. a4 O-O 13. O-O Bd7 14.
Bf4 Rac8 15. Be2 Nd5 16. Bg3 Bf6 17. Nf3 Bc6 18. Be5 Rfd8 19. Bxf6 gxf6 20.
g3 e5 21. Nh4 Ne7 22. Bg4 Bd7 23. Bxd7 Rxd7 24. Rfd1 Rcd8 25. Rxd7 Rxd7 26.
Ra3 Nc8 27. Rb3 Nd6 28. Rb6 Kf8 29. b3 Ke7 30. c4 Rc7 31. Kg2 Kd7 32. Kf3
Rc6 33. Rxc6 Kxc6 34. Ke3 Kc5 35. Nf3 Kb4 36. Nd2 b5 37. axb5 axb5 38. cxb5
Kxb5 39. Ne4 Ne8 40. Kd3 Kb4 41. Kc2 h6 42. g4 f5 43. gxf5 f6 44. h3 h5 45.
h4 Ng7 46. Ng3 e4 47. Nxe4 Nxf5 48. Nxf6 Nxh4 49. Nd5+ Kc5 50. Nf4 Nf3 51.
Nxh5 Nd4+ 52. Kc3 Ne2+ 53. Kd3 Nc1+ 54. Kc2 Ne2 55. Ng3 Nd4+ 56. Kc3 Nb5+
57. Kd3 Kb4 58. f4 Kxb3 59. f5 Kb4 60. Ne4 Na7 61. f6 Nc6 62. Ke3 Nd8 63.
Kd4 Kb5 64. Kd5 Kb6 65. Kd6 Nf7+ 66. Ke7 Ne5 67. Nd2 Kc7 68. Ke6 Nc6 69.
Nc4 Nd4+ 70. Kd5 Nb5 71. f7 1-0

[Event "ch-ISR w 2016"]
[Site "Tiberias ISR"]
[Date "2016.12.13"]
[Round "9.6"]
[White "Gutmakher, Olga"]
[Black "Zach, Asif"]
[Result "1-0"]
[WhiteElo "2247"]
[BlackElo "1632"]
[EventDate "2016.12.05"]

1. e4 c5 2. Nf3 g6 3. c3 Bg7 4. d4 cxd4 5. cxd4 d5 6. e5 Nc6 7. Bb5 Nh6 8.
O-O Bg4 9. Nbd2 O-O 10. Bxc6 bxc6 11. h3 Bxf3 12. Nxf3 Nf5 13. g4 Nh6 14.
Be3 Qd7 15. Nh2 f6 16. f4 Nf7 17. Rc1 Rac8 18. b4 Rfd8 19. Qd2 Rb8 20. a3
Rb5 21. Qe2 a5 22. bxa5 Qb7 23. Bd2 c5 24. a4 Rb3 25. Rxc5 Rxh3 26. Qb5 Qa8
27. Rf3 Rxf3 28. Nxf3 Nh6 29. g5 Nf5 30. Qc6 Qxc6 31. Rxc6 fxe5 32. fxe5
Ng3 33. a6 Rf8 34. a7 Ra8 35. Rc7 Nf5 36. Rb7 Kf7 37. Bb4 1-0

[Event "ch-ISR w 2016"]
[Site "Tiberias ISR"]
[Date "2016.12.13"]
[Round "9.9"]
[White "Levitan, Ronit"]
[Black "Katkov, Michelle"]
[Result "1-0"]
[WhiteElo "1712"]
[BlackElo "1652"]
[EventDate "2016.12.05"]

1. e4 e5 2. Nf3 Nc6 3. Nc3 Nf6 4. Bb5 Bb4 5. O-O O-O 6. d3 d6 7. Ne2 Ne7 8.
c3 Ba5 9. Ng3 c6 10. Ba4 Ng6 11. d4 Bb6 12. h3 h6 13. Bc2 Nh7 14. Be3 Ng5
15. Nd2 Nf4 16. Bxf4 exf4 17. Nf5 d5 18. e5 f6 19. Re1 Bc7 20. exf6 Bxf5
21. Bxf5 Qxf6 22. Bg4 f3 23. Nxf3 Nxf3+ 24. Bxf3 Qf4 25. Kf1 Rae8 26. Rxe8
Rxe8 27. g3 Qf5 28. Kg2 g6 29. Qd2 h5 30. h4 Rf8 31. Qe3 Qc2 32. Re1 Kg7
33. Qe6 Rf7 34. Re2 Qd3 35. Re3 Qb1 36. g4 hxg4 37. Qxg4 Kh7 38. h5 gxh5
39. Qxh5+ Kg7 40. Re6 Bf4 41. Qg4+ Kf8 42. Qh4 Kg7 43. Bh5 Qh7 44. Rg6+
Qxg6+ 45. Bxg6 Kxg6 46. b3 Bg5 47. Qh3 Re7 48. c4 dxc4 49. bxc4 Kf6 50.
Qh8+ Kf5 51. d5 cxd5 52. cxd5 Bf6 53. Qh3+ Ke5 54. Qc3+ Kf5 55. Qd3+ Ke5
56. Kf3 Rc7 57. Qe4+ Kd6 58. Qe6+ Kc5 59. Qxf6 Kxd5 60. Qe6+ Kc5 61. Qf6
Kd5 62. Ke3 b5 63. f4 b4 64. Qd4+ Ke6 65. Qxb4 Rf7 66. Ke4 1-0